000 01389nam a22002537a 4500
005 20260312084329.0
008 260312b ||||| |||| 00| 0 eng d
020 _a9786289560244
040 _aCO-BoUCM
_bspa
_cSandra Palacio
_dSandra Palacio
060 _aWI 141
110 _aAsociación Colombiana de Gastroenterología
_9188246
245 _aManual de lectura crítica, basado en diseños de investigación en Gastroenterología
_cDiego Mauricio Aponte Martín, Gerardo Andrés Puentes Leal, Adriana Margarita Rey Rubiano, editores.
260 _aBogotá, Colombia
_bAsociación Colombiana de Gastroenterología
_bUnisanitas
_c2021
300 _a158 páginas
_bilustraciones a color, gráficas
504 _aIncluye referencias bibliográficas e índices
520 _aManual metodológico que detalla el análisis crítico de diseños de investigación aplicados a la gastroenterología, desde reportes de casos hasta metaanálisis en red y guías de práctica clínica.
650 4 _aGastroenterología
_xInvestigaciones
_9188270
650 4 _aMedicina Basada en la Evidencia
_919133
650 4 _aProyectos de Investigación
_xmétodos
_9188271
700 _aPuentes Leal, Gerardo Andrés
_eeditor
_9188272
700 _aRey Rubiano, Adriana Margarita
_eeditor
_9188273
710 _aFundación Universitaria Sanitas
_9188274
942 _2NLM
_a26
_cLIBRO
_e1
_hWI 141
_mM294lc
999 _c326159
_d326159